000 00678nam a22002177a 4500
005 20170124110250.0
010 _a627603
020 _c15.00
035 _a627603
037 _bCen Lib/Ret
040 _aDPL
_bEN
082 _a336.24
_bINC
110 _aAllahabad.Central Law Agency
_998657
245 _aIncome tax act, 1961 :
_bact no.43 of 1961 /
260 _aAllahabad
_bCentral Law Agency
_c1972
270 _bAllahabad
_a11, University Road
_e2
300 _avarious pagings
_c23cm(Hb)
650 _aIncome tax -- Law and legislation -- India.
_914650
650 _aIncome tax -- Law and legislation.
_9110800
942 _2ddc
_cEN
_h336.24
_mINC
999 _c135829
_d135829